00834cam a22002532a 450000100060000000300080000600500170001400800410003103500190007204000270009104100080011808200260012610000290015224500920018126000650027330000250033849000340036350000490039765000290044665000140047565000330048965000240052283000340054634206BD-RjUL20211209052125.0140514r19631927enk 000 0 eng d a(BD-RjUL)34300 aCSUcCSUdBD-RjULbeng aeng a335.12bOWN 19632231 aOwen, Robertd1771-1858.12aA new view of society and other writings /cRobert Owen ; introduction by G. D. H. Cole aLondon :bDent ;aNew York :bDutton,c1927 [Reprinted 1963] axx, 298 p. ;c17 cm.1 aEveryman's library ;vno. 799 aFirst published in Everyman's Library, 1927. 0aCommunismzGreat Britain 0aSocialism 0aWorking classzGreat Britain 0aPoorzGreat Britain 0aEveryman's library ;vno. 799